Normal view
MARC view
Entry Personal Name
001 - CONTROL NUMBER
- control field: 41903
003 - CONTROL NUMBER IDENTIFIER
- control field: ARRUPE
005 - DATE AND TIME OF LATEST TRANSACTION
- control field: 20180903105821.0
008 - FIXED-LENGTH DATA ELEMENTS
- fixed length control field: 180903|| aca||aabn | a|a d
040 ## - CATALOGING SOURCE
- Original cataloging agency: ARRUPE
- Transcribing agency: ARRUPE
100 ## - HEADING--PERSONAL NAME
- Personal name: Hughes, Merritt Yerkes,
- Dates associated with a name: 1893-
670 ## - SOURCE DATA FOUND
- Source citation: Work cat.: (ARRUPE)0: Hughes, Merritt Yerkes, 1893-, Virgil and Spenser,, [1969]